000 01089nam a2200205Ii 4500
003 JO-AjNU
008 230605s9999||||xx |||||||||||||| ||und||
020 _a978-9953-78-303-1
040 _aJO-AjNU
_bara
_erda
_cJO-AjNU
041 _aara
050 1 4 _aCB53.D8712 2010
100 3 _aديورانت، ول وايريل؛ ترجمة محمد بدران,
_eauthor
_960426
245 0 0 _aقصة الحضارة: عصر الايمان النهضة، ج 17-18،مجلد 4، الجزء السادس، الجلد الخامس، الجزء الاول
264 3 1 _aبيروت،تونس: دار الجيل للنشر والطباعة والتوزيع،المنظمة العربية للتربية والثقافة والعلوم، 2010
300 _aج 17-18، مجلد4، الجزء السادس، الجلد الخامس، الجزء الاول: ترقيم متعدد
_b ويحتوي على قائمة مراجع من 306ص- 316ص
336 _atext
_btxt
_2rdacontent
337 _aunmediated
_bn
_2rdamedia
338 _avolume
_bnc
_2rdacarrier
650 4 _aالحضارة-تاريخ
_960427
999 _aA27247
_c30815
_d30815